| 000 | 00819nam a2200193 a 4500 | ||
|---|---|---|---|
| 082 | 0 | 0 |
_a625.8 _bWOR _cD |
| 245 | 1 | 0 |
_aWorkshop on Bridge & Highway Engineering, 15th to 20th December, 1984 / _cjointly organised by Canadian Society for Civil Engineering, the Institution of Engineers, Pakistan. |
| 260 |
_a[Karachi?] : _bThe Institution, _c[1985?] |
||
| 300 |
_a2 v. : _bill., charts ; _c29 cm. |
||
| 500 | _a"Lecture notes." | ||
| 500 | _aCover title. | ||
| 505 | 0 | _av. 1. Pavements -- v. 2. Bridges. | |
| 526 |
_a0 _b0 _c0 _d625_800000000000000_WOR |
||
| 650 | 0 |
_aBridges _xDesign and construction _xCongresses. _943813 |
|
| 650 | 0 |
_aPavements _xMaintenance and repair _xCongresses. |
|
| 710 | 2 |
_aCanadian Society for Civil Engineering. _943814 |
|
| 710 | 2 |
_aInstitution of Engineers (Pakistan) _943815 |
|
| 942 |
_2ddc _cBK |
||
| 999 |
_c547669 _d547669 |
||